Yo, Clara y el gato Casimiro

Sparad:
Bibliografiska uppgifter
Huvudupphovsman: Inkiow, Dimiter (Författare, medförfattare)
Materialtyp: Bok
Språk:spanska
Publicerad: Bogotá Norma 1991
Upplaga:1a. ed
Serie:Torre de Papel. Roja
Ämnen:
Taggar: Lägg till en tagg
Inga taggar, Lägg till första taggen!

MARC

LEADER 00000nam a2200000 a 4500
001 UCG0147
003 CL-VaPUC
008 100312e19910000CK |||||||||||||||||spa|d
020 |a 9580412170 
082 0 4 |a 833  |b INK  |2 21 
100 |a Inkiow, Dimiter  |e author  |9 547540 
245 1 0 |a Yo, Clara y el gato Casimiro 
250 |a 1a. ed 
300 |a 109 p 
942 |c BK 
945 |d 20100312 00:00:00  |a cmena 
260 |a Bogotá  |b Norma  |c 1991 
500 |a Desde 7 años 
650 7 |a CUENTOS ALEMANES  |2 CL-VaPUC  |9 269122 
650 0 |a Literatura alemana   |9 265457 
650 0 |a Literatura infantil   |9 307465 
583 |a last modification  |c 20121105 03:53:18  |k Rodrigo Vera 
490 0 |a Torre de Papel. Roja 
999 |c 339894  |d 339892